[Event "Mistrzostwa Polski Juniorow Mlodszych do lat 12 - OOM Zachodniopomorskie 2023"]
[Site "Darlowek"]
[Date "1899-12-30"]
[Round "5.14"]
[White "Wojciechowski, Szymon"]
[Black "Pekala, Dawid"]
[Result "1/2-1/2"]
[WhiteTitle "II+"]
[BlackTitle "I"]
[WhiteElo "1479"]
[BlackElo "1405"]

1. e4 c5 2. Nf3 d6 3. d4 cxd4 4. Nxd4 Nf6 5. f3 e5 6. Nb3 d5 7. Bg5 Be6 8. Bxf6
gxf6 9. exd5 Qxd5 10. Qxd5 Bxd5 11. Nc3 Bb4 12. O-O-O Bxb3 13. axb3 Bxc3 14. bxc3
Ke7 15. Bd3 Nc6 16. Bf5 Rad8 17. Kb2 h6 18. Be4 Rxd1 19. Rxd1 Rc8 20. Bf5 Rc7
21. Ra1 b5 22. Be4 Nb8 23. Ra5 a6 24. Bf5 Rc6 25. Ra1 Rd6 26. b4 Rd2 27. Rg1 Rd6
28. Re1 Rd2 29. Rg1 Rd6 30. Re1 Rd2 31. Bh3 Nd7 32. Kc1 Rf2 33. Kd1 Nb6 34. Re2
Rf1+ 35. Re1 Rf2 36. Re2 Rf1+ 37. Re1 1/2-1/2

[Event "Mistrzostwa Polski Juniorow Mlodszych do lat 12 - OOM Zachodniopomorskie 2023"]
[Site "Darlowek"]
[Date "1899-12-30"]
[Round "5.15"]
[White "Rajbharath, Harjith"]
[Black "Wons, Krystian"]
[Result "1-0"]
[WhiteTitle "II"]
[BlackTitle "I"]
[WhiteElo "1477"]
[BlackElo "1422"]

1. d4 Nf6 2. Nf3 c6 3. c4 e6 4. Bg5 d5 5. e3 Nbd7 6. Nc3 Bd6 7. Bd3 O-O 8. e4 dxe4
9. Bxe4 h6 10. Bxf6 Nxf6 11. O-O Bc7 12. Qc2 Qd6 13. Rad1 Re8 14. Ne5 c5 15. Nb5
Qe7 16. Nf3 a6 17. Nxc7 Qxc7 18. a3 Nxe4 19. Qxe4 cxd4 20. Qxd4 e5 21. Qh4 e4
22. Nd2 f5 23. Rfe1 Qb6 24. b4 Qe6 25. g3 Bd7 26. Nb3 b6 27. Rd4 Ba4 28. Nd2 Bc6
29. Nb3 Ba4 30. Nd2 Bc2 31. Re3 g5 32. Qh5 Rad8 33. Rd5 Kg7 34. f3 Bd1 35. h3
Rxd5 36. cxd5 Qe5 37. g4 Qg3+ 38. Kf1 Rc8 39. gxf5 Be2+ 40. Kxe2 Qg2+ 41. Kd1
Qg1+ 42. Re1 Qd4 43. Qg6+ Kf8 44. Qxh6+ Kg8 45. Qe6+ Kg7 46. Qxc8 e3 47. Qd7+
Kf8 48. Qd6+ Kg7 49. Qe7+ 1-0

[Event "Mistrzostwa Polski Juniorow Mlodszych do lat 12 - OOM Zachodniopomorskie 2023"]
[Site "Darlowek"]
[Date "1899-12-30"]
[Round "5.16"]
[White "Seemann, Adam"]
[Black "Smolinski, Wojciech"]
[Result "1/2-1/2"]
[WhiteTitle "II"]
[BlackTitle "II"]
[WhiteElo "1381"]
[BlackElo "1439"]

1. e4 c5 2. Nf3 d6 3. d4 cxd4 4. Nxd4 Nf6 5. Nc3 Nc6 6. f3 e5 7. Nb3 Be7 8. Be3
Be6 9. Nd5 Bxd5 10. exd5 Nb8 11. Qd2 Nbd7 12. O-O-O O-O 13. Kb1 Nb6 14. c4 Qc7
15. Rc1 a5 16. Nxa5 Nbxd5 17. cxd5 Qxa5 18. Qxa5 Rxa5 19. Bc4 Raa8 20. Rc2 b5
21. Bb3 Ne8 22. Rhc1 Rb8 23. Rc6 Rb7 24. Bb6 Bg5 25. R1c2 f5 26. a4 bxa4 27. Bxa4
e4 28. Re2 Re7 29. Bd8 Ra7 30. Bxg5 Rxa4 31. Be7 Rf7 32. Bxd6 Rd7 33. Ba3 Rxd5
34. fxe4 fxe4 35. Re6 Nf6 36. Re7 Rd7 37. Re5 Rad4 38. Kc2 1/2-1/2

[Event "Mistrzostwa Polski Juniorow Mlodszych do lat 12 - OOM Zachodniopomorskie 2023"]
[Site "Darlowek"]
[Date "1899-12-30"]
[Round "5.17"]
[White "Rutkowski, Feliks"]
[Black "Zalewski, Witold"]
[Result "0-1"]
[WhiteTitle "II"]
[BlackTitle "II"]
[WhiteElo "1413"]
[BlackElo "1292"]

1. c4 Nf6 2. Nc3 g6 3. g3 Bg7 4. Bg2 c6 5. e4 d6 6. Nge2 O-O 7. O-O e5 8. h3 Be6
9. f4 exf4 10. gxf4 Bxc4 11. d3 Ba6 12. f5 Nbd7 13. d4 Nh5 14. Bf3 c5 15. Bxh5
gxh5 16. Nd5 Kh8 17. Kh2 cxd4 18. Rg1 Be5+ 19. Ng3 h4 20. Qh5 hxg3+ 21. Kh1 Rg8
22. Bh6 g2+ 23. Rxg2 Rxg2 24. Kxg2 Qg8+ 25. Bg5 f6 26. h4 fxg5 27. hxg5 Nf6 28.
Nxf6 Bxf6 29. g6 Rc8 30. Rh1 Rc2+ 31. Kg1 Rc1+ 32. Kf2 Rxh1 33. Qxh1 d3 34. Qh6
Bg7 35. Qh5 h6 36. f6 Qf8 37. f7 Qc8 38. Kf3 d2 39. Kg2 Qd8 40. Qf3 Qe7 41. b4
d1=Q 42. Qxd1 Qxe4+ 43. Kg1 Qd4+ 44. Qxd4 Bxd4+ 45. Kg2 Bg7 0-1

[Event "Mistrzostwa Polski Juniorow Mlodszych do lat 12 - OOM Zachodniopomorskie 2023"]
[Site "Darlowek"]
[Date "1899-12-30"]
[Round "5.18"]
[White "Chmiel, Krzysztof"]
[Black "Marcinkowski, Adam"]
[Result "1/2-1/2"]
[WhiteTitle "II"]
[BlackTitle "II"]
[WhiteElo "1283"]
[BlackElo "1363"]

1. e4 e5 2. Nf3 Nf6 3. Nxe5 d6 4. Nf3 Nxe4 5. Nc3 Nxc3 6. dxc3 Be7 7. Bd3 Nc6 8.
O-O O-O 9. Bf4 Bg4 10. h3 Bh5 11. Be2 Bf6 12. Be3 Re8 13. Re1 Qd7 14. Nd4 Bxe2
15. Rxe2 Re7 16. Qd2 Rae8 17. Rae1 Ne5 18. Bf4 Nc4 19. Rxe7 Rxe7 20. Rxe7 Qxe7
21. Qc1 h6 22. b3 Nb6 23. Qe3 Qxe3 24. Bxe3 Nd5 25. c4 Nxe3 26. fxe3 a6 27. Kf2
Be5 28. a4 Kf8 29. Kf3 g6 30. g4 Ke7 31. Ke4 Kf6 32. Nf3 Bg3 33. b4 a5 34. bxa5
h5 35. a6 bxa6 36. Kd5 hxg4 37. hxg4 Bf2 38. Kc6 Bxe3 39. a5 Ke6 40. Kxc7 d5 41.
cxd5+ Kxd5 42. Kb7 f5 43. gxf5 gxf5 44. Kxa6 Kc4 45. Kb7 Kc3 46. Kc6 Kxc2 47.
Kd5 Kc3 48. a6 f4 49. Ne1 Kb4 50. Kc6 Ka5 51. Kb7 Bg1 52. Nf3 Bf2 53. Ne5 Bg1
54. Nc4+ Kb5 55. Nd2 Ka5 56. Nf3 Bf2 57. Ne5 Bg1 58. Nf3 Bf2 59. Nh4 Bg1 60. Ng6
Bf2 61. Nxf4 Bg1 62. Nd3 Kb5 63. Ne5 Ka5 64. Nc4+ Kb5 65. Nd6+ Ka5 66. Nc8 Kb5
67. Ne7 Ka5 68. Nc6+ Kb5 69. Nb8 Ka5 70. Ka8 Kb6 71. a7 Kb5 1/2-1/2

[Event "Mistrzostwa Polski Juniorow Mlodszych do lat 12 - OOM Zachodniopomorskie 2023"]
[Site "Darlowek"]
[Date "1899-12-30"]
[Round "5.19"]
[White "Lewek, Jakub"]
[Black "Lesik, Sebastian"]
[Result "0-1"]
[WhiteTitle "I"]
[BlackTitle "II"]
[WhiteElo "1337"]
[BlackElo "1358"]

1. e4 c5 2. Nf3 e6 3. d4 cxd4 4. Nxd4 Nc6 5. c4 Nf6 6. Nc3 Bb4 7. Nxc6 bxc6 8.
Bd3 e5 9. O-O O-O 10. Be3 Qe7 11. a3 Bd6 12. b4 Rd8 13. Bg5 Bc7 14. Re1 Bb7 15.
Re3 h6 16. Bxf6 Qxf6 17. Qd2 Qe6 18. Rd1 Bb6 19. Rf3 Bd4 20. Ne2 d5 21. Nxd4 exd4
22. exd5 cxd5 23. Bf5 Qc6 24. c5 a5 25. Qxd4 g6 26. Bd3 axb4 27. Rf6 Qe8 28. Kf1
bxa3 29. Re1 Qa4 30. Rxg6+ fxg6 31. Qf6 Qg4 32. c6 Rf8 33. cxb7 Rae8 34. Qc6 Rxf2+
0-1

[Event "Mistrzostwa Polski Juniorow Mlodszych do lat 12 - OOM Zachodniopomorskie 2023"]
[Site "Darlowek"]
[Date "1899-12-30"]
[Round "5.20"]
[White "Reterski, Wiktor"]
[Black "Misiek, Marcel"]
[Result "1-0"]
[WhiteTitle "II"]
[BlackTitle "II+"]
[WhiteElo "1247"]
[BlackElo "1350"]

1. d4 d5 2. c4 c6 3. e3 Nf6 4. Nc3 e6 5. Bd3 Bd6 6. Nf3 Nbd7 7. O-O O-O 8. e4 dxe4
9. Nxe4 Nxe4 10. Bxe4 Nf6 11. Bc2 c5 12. Qd3 h6 13. b3 Qc7 14. Bb2 Rd8 15. d5
e5 16. Nd2 g6 17. Qg3 Nh5 18. Qe3 Kh7 19. Ne4 f6 20. Bc1 Bf8 21. Rd1 f5 22. d6
Qg7 23. Nxc5 b6 24. Nd3 Bxd6 25. Bb2 f4 26. Qe2 Re8 27. Re1 Bb7 28. Nxe5 f3 29.
gxf3 Nf4 30. Qe3 Nh3+ 31. Kf1 Bxe5 32. Bxe5 Qf7 33. f4 Qe6 34. Qg3 Bc8 35. Bc3
Qc6 36. f3 Bd7 37. Be4 Qc7 38. Qxg6# 1-0

[Event "Mistrzostwa Polski Juniorow Mlodszych do lat 12 - OOM Zachodniopomorskie 2023"]
[Site "Darlowek"]
[Date "1899-12-30"]
[Round "5.21"]
[White "Ches, Krzysztof"]
[Black "Madejski, Milosz"]
[Result "1/2-1/2"]
[WhiteTitle "II"]
[BlackTitle "II"]
[WhiteElo "1346"]
[BlackElo "1236"]

1. e4 c6 2. d4 d5 3. Nc3 dxe4 4. Nxe4 Nd7 5. Ng5 Ngf6 6. Bd3 e6 7. N1f3 Bd6 8.
O-O h6 9. Ne4 Nxe4 10. Bxe4 Nf6 11. Bd3 O-O 12. Re1 b6 13. Ne5 Bb7 14. Bf4 c5
15. dxc5 Bxc5 16. Ng4 Nxg4 17. Qxg4 Qd4 18. Qg3 g5 19. Be3 Qd6 20. Qh3 Bxe3 21.
Rxe3 Kg7 22. Rae1 Rfe8 23. Qh5 e5 24. h4 e4 25. Bxe4 Bxe4 26. Rxe4 Rxe4 27. Rxe4
f6 28. Qe2 Kf7 29. Qc4+ Kg7 30. Rd4 Qe7 31. Qd3 Qe1+ 32. Kh2 Rf8 33. Rd7+ Rf7
34. Rxf7+ Kxf7 35. Qh7+ Ke6 36. Qg8+ Kf5 37. Qd5+ Kg6 38. Qd3+ Kg7 39. hxg5 hxg5
40. Qe3 Qb1 41. Qa3 a6 42. Qe7+ Kg6 43. Qe4+ Kh6 44. Qd4 Kg6 45. Qxb6 Qxc2 46.
Qd4 Qc7+ 47. g3 Qc2 48. a3 Qe2 49. a4 Qc2 50. Kh3 Qc8+ 51. Kg2 Qc6+ 52. Kf1 Qc1+
53. Ke2 Qc2+ 54. Ke3 Qc1+ 55. Kd3 Qd1+ 56. Kc3 Qe1+ 57. Kc2 Qe2+ 58. Kb1 Qf1+
59. Ka2 Qe2 60. Qe3 Qc4+ 61. b3 Qc2+ 62. Ka3 Qb1 63. f3 Qd1 64. Qe8+ Kh6 1/2-1/2

[Event "Mistrzostwa Polski Juniorow Mlodszych do lat 12 - OOM Zachodniopomorskie 2023"]
[Site "Darlowek"]
[Date "1899-12-30"]
[Round "5.22"]
[White "Hlubek, Tymoteusz"]
[Black "Goralski, Mateusz"]
[Result "1/2-1/2"]
[WhiteTitle "II+"]
[BlackTitle "II"]
[WhiteElo "1203"]
[BlackElo "1341"]

1. d4 Nf6 2. Nf3 g6 3. Bf4 Bg7 4. e3 d6 5. h3 Nbd7 6. Be2 O-O 7. O-O Qe8 8. Bh2
e5 9. c3 Qe7 10. Nbd2 Ne8 11. a4 f5 12. Re1 e4 13. b4 exf3 14. Bxf3 Nef6 15. c4
Ne4 16. Rc1 c5 17. Bxe4 fxe4 18. bxc5 dxc5 19. d5 Be5 20. Bxe5 Qxe5 21. Qc2 Nf6
22. Qc3 Qg5 23. Kf1 Qh5 24. Re2 Bd7 25. Rb1 Rab8 26. a5 Qf5 27. Ke1 g5 28. Nb3
g4 29. Nxc5 g3 30. Qd2 Qe5 31. Qd4 Qxd4 32. exd4 1/2-1/2

[Event "Mistrzostwa Polski Juniorow Mlodszych do lat 12 - OOM Zachodniopomorskie 2023"]
[Site "Darlowek"]
[Date "1899-12-30"]
[Round "5.23"]
[White "Rabenda, Grzegorz"]
[Black "Wasiluk, Dominik"]
[Result "0-1"]
[WhiteTitle "II"]
[BlackTitle "II+"]
[WhiteElo "1322"]
[BlackElo "1335"]

1. e4 c5 2. Nf3 e6 3. d4 cxd4 4. Nxd4 Nf6 5. Bd3 Nc6 6. Nxc6 bxc6 7. O-O d5 8.
e5 Nd7 9. f4 Nc5 10. Be3 Nxd3 11. Qxd3 Be7 12. Nd2 a5 13. Rf3 Ba6 14. Qc3 Qc7
15. Nb3 Bc4 16. Qe1 Bxb3 17. axb3 g6 18. Qf2 c5 19. Qe2 Qc6 20. Ra4 c4 21. Bd2
cxb3 22. cxb3 Qb6+ 23. Kf1 Bd8 24. Bc3 Qa6 25. Qxa6 Rxa6 26. b4 Bc7 27. bxa5 Kd7
28. b4 Kc6 29. Bd2 Rb8 30. Rc3+ Kd7 31. Rc2 Rb5 32. Ke2 Bb8 33. Be3 Ba7 34. Bxa7
Rxa7 35. Kd3 Rab7 36. Kc3 Kc7 37. Kb3+ Kb8 38. Rc6 Ka7 39. a6 Rd7 40. Ra3 d4 41.
Ka4 Rb6 42. b5 d3 43. Rc1 d2 44. Rd1 Rd4+ 45. Ka5 Rd5 46. Rb3 Rxa6+ 47. Kb4 Rb6
48. Kc4 Rb8 49. Rb2 Rbd8 50. g3 Kb6 51. Rbb1 Rd3 52. Rxd2 0-1

[Event "Mistrzostwa Polski Juniorow Mlodszych do lat 12 - OOM Zachodniopomorskie 2023"]
[Site "Darlowek"]
[Date "1899-12-30"]
[Round "5.24"]
[White "Szymczyk, Jan"]
[Black "Boguszewski, Kacper"]
[Result "1/2-1/2"]
[WhiteTitle "II"]
[BlackTitle "II"]
[WhiteElo "1269"]
[BlackElo "1275"]

1. e4 c5 2. d4 cxd4 3. c3 Nc6 4. cxd4 d5 5. exd5 Qxd5 6. Nf3 e6 7. Nc3 Bb4 8. a3
Bxc3+ 9. bxc3 Nf6 10. Bd3 O-O 11. O-O Rd8 12. h3 b6 13. Be3 Bb7 14. Rc1 Qh5 15.
Be2 Qa5 16. Qb3 e5 17. Bc4 Rd7 18. Rfd1 e4 19. Ne5 Nxe5 20. dxe5 Nd5 21. Bxd5
Bxd5 22. Qb4 Qxb4 23. axb4 Rad8 24. Bd4 Bc4 25. Ra1 a6 26. Re1 Bd3 27. Bxb6 Re8
28. Bd4 Re6 29. Rad1 Rde7 30. f3 f5 31. fxe4 fxe4 32. Rd2 Rc7 33. Rf2 Rf7 1/2-1/2

[Event "Mistrzostwa Polski Juniorow Mlodszych do lat 12 - OOM Zachodniopomorskie 2023"]
[Site "Darlowek"]
[Date "1899-12-30"]
[Round "5.25"]
[White "Iwan, Patryk"]
[Black "Golab, Antoni"]
[Result "1/2-1/2"]
[WhiteTitle "II"]
[BlackTitle "II"]
[WhiteElo "1297"]
[BlackElo "1215"]

1. e4 c5 2. Nf3 d6 3. d4 cxd4 4. Nxd4 Nf6 5. Nc3 g6 6. Be3 Bg7 7. f3 O-O 8. Bc4
Nc6 9. Bb3 Bd7 10. h4 h5 11. Qd2 Rc8 12. O-O-O Ne5 13. Bh6 Nc4 14. Bxc4 Rxc4 15.
Bxg7 Kxg7 16. Rhe1 Qa5 17. Nb3 Qa6 18. e5 dxe5 19. Rxe5 Bf5 20. Nd4 e6 21. Nxf5+
exf5 22. Qd6 Qxd6 23. Rxd6 Rxh4 24. Re7 Rh2 25. Rd2 Rb8 26. Nb5 Rh1+ 27. Rd1 Rxd1+
28. Kxd1 Rd8+ 29. Ke1 a6 30. Na3 Re8 31. Rxe8 Nxe8 32. c4 Kf6 33. Kd2 g5 34. Ke3
g4 35. g3 gxf3 36. Kxf3 Nc7 37. b4 Ne6 38. Nc2 Ke5 39. Ke3 f4+ 40. gxf4+ Nxf4
41. Ne1 Kf5 42. Nf3 f6 43. a4 Ne6 44. c5 Ng5 45. Nxg5 fxg5 46. b5 Ke6 47. c6 Kd6
1/2-1/2

[Event "Mistrzostwa Polski Juniorow Mlodszych do lat 12 - OOM Zachodniopomorskie 2023"]
[Site "Darlowek"]
[Date "1899-12-30"]
[Round "5.26"]
[White "Ladon, Tymoteusz"]
[Black "Kucinski, Jan"]
[Result "1/2-1/2"]
[WhiteTitle "II"]
[BlackTitle "II"]
[WhiteElo "1292"]
[BlackElo "1116"]

1. e4 e6 2. d4 d5 3. Nd2 dxe4 4. Nxe4 Nf6 5. Bd3 Nc6 6. Nf3 h6 7. c3 Bd7 8. Bf4
Nxe4 9. Bxe4 Bd6 10. Bxd6 cxd6 11. O-O d5 12. Bd3 Rc8 13. Re1 O-O 14. Qd2 Qf6
15. Qe3 Rce8 16. b3 Re7 17. Ne5 g5 18. Ng4 Qg7 19. Qh3 Rfe8 20. Nxh6+ Kf8 21.
Qh5 e5 22. Bf5 exd4 23. Rxe7 Rxe7 24. Bxd7 Rxd7 25. Qg4 Rd8 26. Nf5 Qf6 27. Nxd4
Ne5 28. Qf5 Qxf5 29. Nxf5 Rc8 30. Rd1 Rxc3 31. h3 Rd3 32. Rc1 Nc6 33. b4 a6 34.
g3 Rf3 35. Ne3 Nxb4 36. Kg2 Rxf2+ 37. Kxf2 Nd3+ 38. Kf3 Nxc1 39. a3 d4 40. Nf5
d3 41. Ke3 f6 42. Kd2 Nb3+ 43. Kxd3 Na5 44. Kc3 Kf7 45. Kb4 Nc6+ 46. Kc5 Ke6 47.
g4 Na5 48. a4 b5 49. axb5 axb5 50. Kxb5 Nb3 51. Kc4 Nd2+ 52. Kd3 Nf3 53. Ke3 Ne1
54. Ke2 Ng2 55. Kf3 Ne1+ 56. Ke4 Ng2 57. Nd4+ Kf7 58. Nf5 Ke6 59. Ng7+ Kf7 60.
Nh5 Ke6 1/2-1/2

[Event "Mistrzostwa Polski Juniorow Mlodszych do lat 12 - OOM Zachodniopomorskie 2023"]
[Site "Darlowek"]
[Date "1899-12-30"]
[Round "6.1"]
[White "Rozanski, Mateusz"]
[Black "Witczak, Borys"]
[Result "1/2-1/2"]
[WhiteTitle "I"]
[BlackTitle "I"]
[WhiteElo "1693"]
[BlackElo "1874"]

1. e4 c6 2. c4 d5 3. cxd5 cxd5 4. exd5 Nf6 5. Nc3 Nxd5 6. Bc4 Nb6 7. Bb3 Nc6 8.
Nf3 Bf5 9. d4 e6 10. O-O Be7 11. h3 O-O 12. Be3 Nb4 13. Ne5 N4d5 14. Qf3 Rc8 15.
Rac1 Nxc3 16. Rxc3 Rxc3 17. bxc3 Qc7 18. Bf4 Bd6 19. g4 Bg6 20. Nxg6 hxg6 21.
Bxd6 Qxd6 22. Qxb7 a5 23. a4 Rc8 24. Rc1 Rb8 25. Qe4 Nd7 26. Bc4 Qa3 27. Qc2 Rb2
28. Qd1 Nb6 29. Bf1 Nd5 30. c4 Nf4 31. c5 Rb3 32. c6 Rxh3 33. c7 Rg3+ 34. Kh2
1/2-1/2

[Event "Mistrzostwa Polski Juniorow Mlodszych do lat 12 - OOM Zachodniopomorskie 2023"]
[Site "Darlowek"]
[Date "1899-12-30"]
[Round "6.2"]
[White "Boryna, Szymon"]
[Black "Chiszko, Oskar"]
[Result "1/2-1/2"]
[WhiteTitle "II+"]
[BlackTitle "I"]
[WhiteElo "1478"]
[BlackElo "1895"]

1. c4 Nf6 2. Nc3 g6 3. e4 d6 4. g3 Bg7 5. Bg2 O-O 6. Nge2 e5 7. d3 Nc6 8. O-O Nd4
9. h3 Nd7 10. f4 exf4 11. Bxf4 Nc5 12. Nxd4 Bxd4+ 13. Kh1 Bg7 14. Qd2 Ne6 15.
Bh6 c6 16. Bxg7 Nxg7 17. d4 f5 18. d5 c5 19. Rae1 fxe4 20. Nxe4 Rxf1+ 21. Rxf1
Bf5 22. Ng5 h5 23. Re1 Qd7 24. Ne6 Re8 25. Qh6 Nxe6 26. dxe6 Qg7 27. Qf4 Qd4 28.
Qxd4 cxd4 29. Rd1 d3 30. g4 hxg4 1/2-1/2

[Event "Mistrzostwa Polski Juniorow Mlodszych do lat 12 - OOM Zachodniopomorskie 2023"]
[Site "Darlowek"]
[Date "1899-12-30"]
[Round "6.3"]
[White "Karaszewski, Gabriel"]
[Black "Obrycki, Tomasz"]
[Result "1/2-1/2"]
[WhiteTitle "I"]
[BlackTitle "I"]
[WhiteElo "1769"]
[BlackElo "1786"]

1. d4 Nf6 2. c4 b6 3. f3 d5 4. cxd5 Nxd5 5. e4 Nf6 6. Nc3 e6 7. Bf4 Nh5 8. Be3
Bb7 9. g4 Nf6 10. Bf4 a6 11. Qd2 Nbd7 12. O-O-O b5 13. g5 Nh5 14. Be3 Rc8 15.
d5 e5 16. Bh3 Bd6 17. Bg4 Nf4 18. Bxf4 exf4 19. h4 Rb8 20. Bxd7+ Kxd7 21. Nh3
h6 22. Rde1 hxg5 23. e5 Bc5 24. Nxg5 Be3 25. Rxe3 fxe3 26. Qd3 Qxg5 27. hxg5 Rxh1+
28. Kc2 Rh2+ 29. Ne2 Ke8 30. Qxe3 Bxd5 31. Kc3 b4+ 32. Kd4 Bxa2 33. g6 fxg6 34.
e6 Rh5 35. b3 Rd8+ 36. Kc4 c5 37. Qe4 Ke7 38. Qxg6 Re5 39. Qc2 Bb1 40. Qxb1 Rxe2
41. Kxc5 Rxe6 42. Kxb4 Rb8+ 43. Kc4 Rf8 44. Qd3 Rb8 45. Qh7 Rc6+ 46. Kd5 Rd6+
47. Ke5 Re6+ 48. Kf4 Rf8+ 49. Kg3 Rf7 50. Qh4+ Rff6 51. Qb4+ Kf7 52. Qb7+ Kg8
53. Qc8+ Kh7 54. Qc2+ Rg6+ 1/2-1/2

[Event "Mistrzostwa Polski Juniorow Mlodszych do lat 12 - OOM Zachodniopomorskie 2023"]
[Site "Darlowek"]
[Date "1899-12-30"]
[Round "6.4"]
[White "Golis, Wiktor"]
[Black "Zawal, Krzysztof"]
[Result "1/2-1/2"]
[WhiteTitle "I++"]
[BlackTitle "I"]
[WhiteElo "2046"]
[BlackElo "1462"]

1. e4 c5 2. Nf3 g6 3. d4 cxd4 4. Nxd4 Nc6 5. Nc3 Bg7 6. Be3 Nf6 7. Bc4 O-O 8. Bb3
Re8 9. f3 e6 10. Qd2 d5 11. exd5 Nxd5 12. Nxd5 exd5 13. O-O-O Be6 14. h4 a5 15.
a3 a4 16. Ba2 Qa5 17. Qxa5 Nxa5 18. Rhe1 Nc4 19. Bf2 Rac8 20. Bxc4 Bxd4 21. Bxd4
Rxc4 22. g4 h6 23. c3 Rcc8 24. Bf6 Kh7 25. Rd4 b5 26. Kd2 Kg8 27. Re5 Kf8 28.
Rb4 Rb8 29. h5 g5 30. f4 gxf4 31. Rxf4 Kg8 32. Bh4 Rbc8 33. g5 Rc4 34. Ke3 Rxf4
35. Kxf4 Rc8 36. Bf2 hxg5+ 37. Rxg5+ Kh7 38. Bd4 Kh6 39. Bg7+ Kh7 40. Bd4 Kh6
41. Be3 Rc4+ 42. Kf3 Kh7 43. h6 Kxh6 44. Rxd5+ Kg6 45. Rxb5 Bd7 46. Rb6+ Kf5 47.
Bd4 Be6 48. Rb5+ Kg6 49. Kf4 Rc6 50. Rg5+ Kh6 51. Rg1 Ra6 52. Ke5 Bb3 53. Rg2
Be6 54. Rg3 Rc6 55. Kf4 Rc4 56. Rg8 Rc6 57. Ra8 Bb3 58. Ke5 Re6+ 59. Kf5 Bc2+
60. Kf4 Rc6 61. Rb8 Kg6 62. Ke5 Bb3 63. Rg8+ Kh7 64. Rg2 Ra6 65. Ke4 Rc6 66. Rg5
Kh6 67. Rg2 Kh7 68. Kf4 Bc4 69. Be5 Bb3 70. Kf5 Be6+ 71. Kg5 f6+ 72. Bxf6 Bc4
73. Rh2+ Kg8 74. Bd4 Kf7 75. Kf5 Ke7 76. Rh7+ Kd6 77. Be5+ Kc5 78. Rb7 Bb3 79.
Bd4+ Kc4 80. Ke5 Kd3 81. Rg7 Kc2 82. Rg2+ Kd3 83. Kf4 Rc8 84. Bf6 Rc6 85. Ke5
Re6+ 86. Kf5 Rc6 87. Bg5 Be6+ 88. Ke5 Bb3 89. Rd2+ Kc4 90. Rd5 Rc5 91. Ke4 1/2-1/2

[Event "Mistrzostwa Polski Juniorow Mlodszych do lat 12 - OOM Zachodniopomorskie 2023"]
[Site "Darlowek"]
[Date "1899-12-30"]
[Round "6.5"]
[White "Gorecki, Michal"]
[Black "Dobrowolski, Kamil"]
[Result "1/2-1/2"]
[WhiteTitle "II"]
[BlackTitle "II"]
[WhiteElo "1408"]
[BlackElo "1532"]

1. e4 c5 2. Nf3 Nc6 3. Bb5 Nf6 4. d3 Qa5+ 5. Nc3 Nd4 6. Bc4 b5 7. Bb3 Nxb3 8. cxb3
d6 9. O-O g6 10. d4 Bg7 11. e5 dxe5 12. dxe5 Nd7 13. e6 fxe6 14. Ng5 Nf6 15. Qf3
Rb8 16. Bf4 Rb6 17. Bc7 O-O 18. Bxb6 Qxb6 19. Qe2 h6 20. Nf3 a6 21. Ne5 g5 22.
Rad1 Nd5 23. Nxd5 exd5 24. Rfe1 e6 25. Ng6 Rf7 26. Ne5 Rf5 27. Ng4 Qd6 28. Ne3
Rf7 29. Qg4 Bd7 30. Qe2 Qe5 1/2-1/2

[Event "Mistrzostwa Polski Juniorow Mlodszych do lat 12 - OOM Zachodniopomorskie 2023"]
[Site "Darlowek"]
[Date "1899-12-30"]
[Round "6.6"]
[White "Kaszuba, Michal"]
[Black "Pawlicz, Filip"]
[Result "0-1"]
[WhiteTitle "II+"]
[BlackTitle "II"]
[WhiteElo "1527"]
[BlackElo "1429"]

1. d4 d5 2. Nf3 Nf6 3. g3 e6 4. Bg2 Bb4+ 5. Bd2 Be7 6. O-O O-O 7. c4 dxc4 8. Nc3
c5 9. dxc5 Bxc5 10. Bg5 Be7 11. Ne5 Qa5 12. Bxf6 Bxf6 13. Nxc4 Qa6 14. Qb3 Bxc3
15. Qxc3 Bd7 16. Na5 Bc6 17. Nxc6 Nxc6 18. Bxc6 bxc6 19. e3 Rfd8 20. a3 Rd3 21.
Qc2 Rad8 22. Rac1 R8d6 23. Qc5 h6 24. Qc4 Qb6 25. Rc3 Qb5 26. Qxb5 cxb5 27. Rfc1
Rxc3 28. Rxc3 a6 29. b4 g6 30. Kg2 Kg7 31. Kf3 Kf6 32. h4 h5 33. Ke2 Ke7 34. e4
e5 35. Ke3 Ke6 36. f4 f5 37. Rc5 exf4+ 38. gxf4 fxe4 39. Kxe4 Kf6 40. f5 g5 41.
hxg5+ Kxg5 42. f6+ Kg6 43. f7 Rf6 44. Ke5 Kxf7 45. Rc3 Kg7 46. Rh3 Rh6 47. Kf5
Rf6+ 48. Kg5 Rg6+ 49. Kxh5 Rh6+ 50. Kg4 Rxh3 51. Kxh3 Kf6 52. Kg3 Ke5 53. Kf3
Kd4 54. Ke2 Kc3 55. Ke3 Kb3 56. Kd3 Kxa3 57. Kc3 Ka4 58. Kb2 Kxb4 59. Ka2 Kc3
60. Ka3 b4+ 61. Ka2 Kc2 62. Ka1 a5 63. Ka2 b3+ 64. Ka3 b2 65. Ka4 b1=Q 66. Kxa5
Qb7 67. Ka4 Qb6 68. Ka3 Qb3# 0-1

[Event "Mistrzostwa Polski Juniorow Mlodszych do lat 12 - OOM Zachodniopomorskie 2023"]
[Site "Darlowek"]
[Date "1899-12-30"]
[Round "6.7"]
[White "Perucki, Maciej"]
[Black "Radzimski, Antoni"]
[Result "1/2-1/2"]
[WhiteTitle "I"]
[BlackTitle "I++"]
[WhiteElo "1526"]
[BlackElo "1960"]

1. e4 c6 2. Nf3 d5 3. Nc3 Bg4 4. h3 Bxf3 5. Qxf3 e6 6. exd5 cxd5 7. Bb5+ Nc6 8.
O-O Nf6 9. d4 Bd6 10. Bg5 O-O 11. Ne2 h6 12. Bxf6 Qxf6 13. Qxf6 gxf6 14. c3 a6
15. Bd3 Rac8 16. f4 Kg7 17. Ng3 f5 18. Bxf5 Ne7 19. Bd3 f5 20. Rae1 Kf7 21. Kh1
Rc6 22. Nh5 Rg8 23. Re2 b5 24. a3 Rb6 25. Rfe1 Bb8 26. Rg1 Ng6 27. Rf2 a5 28.
g3 b4 29. axb4 axb4 30. c4 dxc4 31. Bxc4 Rd6 32. Rd2 Rgd8 33. Rgd1 Ne7 34. g4
Ba7 35. Ng3 Kf6 36. gxf5 exf5 37. d5 Ng6 38. Nh5+ Ke7 39. Ng7 Kf6 40. Ne6 Rc8
41. b3 Be3 42. Rg2 Nxf4 43. Nxf4 Bxf4 44. Rf1 Be5 45. Rfg1 Rf8 46. Rg7 Bf4 47.
R1g6+ Ke5 48. Re6+ Kd4 49. Kg2 Rf6 1/2-1/2

[Event "Mistrzostwa Polski Juniorow Mlodszych do lat 12 - OOM Zachodniopomorskie 2023"]
[Site "Darlowek"]
[Date "1899-12-30"]
[Round "6.8"]
[White "Brzezina, Piotr"]
[Black "Rajbharath, Harjith"]
[Result "1-0"]
[WhiteTitle "I"]
[BlackTitle "II"]
[WhiteElo "1956"]
[BlackElo "1477"]

1. d4 Nf6 2. c4 e6 3. g3 b6 4. Bg2 c6 5. Nc3 d5 6. Nf3 Ba6 7. cxd5 exd5 8. Ne5
Bd6 9. Bg5 O-O 10. O-O h6 11. Bxf6 Qxf6 12. Nxd5 cxd5 13. Bxd5 Bxe5 14. dxe5 Qxe5
15. Bxa8 Re8 16. Qd2 Qxe2 17. Qxe2 Rxe2 18. Rfe1 Nd7 19. Rxe2 Bxe2 20. Re1 Bc4
21. Re8+ Kh7 22. Be4+ g6 23. Re7 Be6 24. Bd5 Bxd5 25. Rxd7 Bxa2 26. Rxa7 Bc4 27.
Kg2 Kg7 28. Kf3 Kf6 29. Ke4 Ke6 30. b4 f5+ 31. Kd4 b5 32. f4 Kf6 33. h4 h5 34.
Ra6+ Kf7 35. Kc5 Bf1 36. Rb6 Bc4 37. Rxb5 Bxb5 38. Kxb5 Ke7 39. Kc6 Kd8 40. b5
Kc8 41. b6 Kb8 42. b7 Ka7 43. Kc7 1-0

[Event "Mistrzostwa Polski Juniorow Mlodszych do lat 12 - OOM Zachodniopomorskie 2023"]
[Site "Darlowek"]
[Date "1899-12-30"]
[Round "6.9"]
[White "Mielcuch, Karol"]
[Black "Gibala, Adam"]
[Result "0-1"]
[WhiteTitle "II"]
[BlackTitle "I"]
[WhiteElo "1363"]
[BlackElo "1915"]

1. c4 b6 2. g3 Bb7 3. Nf3 Bxf3 4. exf3 c5 5. Bg2 Nc6 6. O-O g6 7. Nc3 e6 8. f4
Nge7 9. Re1 Bg7 10. Rb1 O-O 11. b3 Rc8 12. Bb2 Nf5 13. d3 a6 14. Ne2 Bxb2 15.
Rxb2 Nfd4 16. Nxd4 Nxd4 17. h4 Rb8 18. h5 b5 19. hxg6 hxg6 20. Qg4 Kg7 21. Rbb1
d6 22. Qd1 Qa5 23. Rb2 Qc3 24. Qb1 bxc4 25. dxc4 a5 26. Re3 Qb4 27. Rd3 a4 28.
a3 Qxa3 29. Ra2 Qb4 30. Qa1 axb3 31. Rb2 Qxc4 32. Bf1 Ra8 33. Qb1 Qa4 34. Qc1
Qa1 35. Qc3 Ra2 36. Rxb3 Qxc3 37. Rbxc3 Ra5 38. Kg2 d5 39. Rd2 Nf5 40. g4 Nd6
41. f3 Rb8 42. Rc1 c4 43. Be2 Ra3 44. Rdc2 Rab3 45. Kf2 Nb5 46. Bxc4 dxc4 47.
Rxc4 Rd8 48. Kg2 Rd2+ 49. Kg3 Nd4 50. Rf1 Rbb2 51. Rc7 Rg2+ 52. Kh4 Rh2+ 53. Kg5
Rb5+ 54. f5 exf5 55. gxf5 Ne6+ 56. Kg4 Nxc7 57. fxg6 Rg2+ 58. Kf4 Ne6+ 59. Ke4
f5+ 0-1